000 00887caa a22001817a 4500
999 _c442976
_d442976
003 UA-OsUOA
005 20191126155949.0
008 191126b un ||||| |||| 00| 0 ukr d
040 _aUA-OsUOA
_bukr
_cUA-OsUOA
_dUA-OsUOA
041 _aukr
080 _a908
090 _a908
100 _aВихованець В.
245 _aВолодимир Юхимович Татаркін — краєзнавець, бібліограф Волині (в документах, наукових виданнях пресі і серцях)
_cВ. Вихованець
300 _aС. 19–27
773 0 _0366895
_9390170
_dОстрог Свинарчук Р. В. 2011
_o136211
_tІсторія музейництва, пам'яткоохоронної справи, краєзнавства і туризму в м. Острозі і на Волині
_w(UA-OsUOA) 80586
942 _2udc
_cBKA